[Event "Bank Pocztowy Open A"]
[Site "Bydgoszcz POL"]
[Date "2001.04.27"]
[Round "1"]
[White "Krainski,A"]
[Black "Popov,Val"]
[Result "0-1"]
[WhiteElo "2272"]
[BlackElo "2545"]

1.d4 d5 2.c4 e6 3.Nc3 c6 4.e3 Nf6 5.Nf3 Nbd7 6.Bd3 a6 7.b3 Bb4 8.Bd2 O-O
9.O-O Qe7 10.Qc2 dxc4 11.Bxc4 b5 12.Be2 c5 13.a4 bxa4 14.Nxa4 Bxd2 15.Qxd2 cxd4
16.Nxd4 Bb7 17.Bf3 Bxf3 18.Nxf3 e5 19.Qa5 Rfb8 20.Rfc1 Rxb3 21.Qc7 Rb5 22.Qc6 Qe8
23.h3 h6 24.Nd2 Rb4 25.Qd6 a5 26.Nc4 Rc8 27.Nab6 Nxb6 28.Nxb6 Rd8 29.Qc7 Rb8
30.Rc6 Rb5 31.Rac1 Rd8 32.Nc4  0-1

[Event "Bank Pocztowy Open A"]
[Site "Bydgoszcz POL"]
[Date "2001.04.28"]
[Round "2"]
[White "Sarwinski,M"]
[Black "Kuczynski,R"]
[Result "1/2-1/2"]
[WhiteElo "2374"]
[BlackElo "2509"]

1.d4 d5 2.c4 c6 3.Nc3 Nf6 4.Nf3 e6 5.e3 Nbd7 6.Bd3 dxc4 7.Bxc4 b5 8.Bd3 a6
9.a4 b4 10.Ne4 Bb7 11.O-O c5 12.Nxf6+ Nxf6 13.Qe2 Qd5 14.Bc4 Qe4 15.Bd3 Qd5
16.Bc4  1/2-1/2

[Event "Ch-Kaissa Club"]
[Site "Kharkov UKR"]
[Date "2001.04.28"]
[Round "11"]
[White "Romashko,A"]
[Black "Iljin,S"]
[Result "1-0"]
[WhiteElo "2049"]
[BlackElo "2384"]

1.c4 c6 2.d4 d5 3.Nf3 Nf6 4.Nc3 e6 5.e3 Nbd7 6.Bd3 Bd6 7.cxd5 exd5 8.O-O O-O
9.Bd2 Re8 10.a3 Ne4 11.b4 a6 12.Qc2 Ndf6 13.Rfb1 Bf5 14.a4 Nxc3 15.Bxc3 Bxd3
16.Qxd3 b5 17.Ra2 Qe7 18.Be1 g6 19.Rc2 Rac8 20.Qb3 Nd7 21.Rbc1 Nb8 22.Bc3 Nd7
23.Bd2 Nb6 24.Rxc6 Rxc6 25.Rxc6 bxa4 26.Qc2 Nc4 27.Qxa4 Nxd2 28.Nxd2 Bxb4
29.Nb3 a5 30.h3 Qb7 31.Rxg6+ hxg6 32.Qxe8+ Kg7 33.Nc5 Bxc5 34.dxc5 Qb1+ 35.Kh2 Qc2
36.c6 Qxf2 37.Qe5+ Kh7 38.c7 Qc2 39.Qe7 Kg7 40.Qd8  1-0

[Event "Zone 3.2a"]
[Site "Manila PHI"]
[Date "2001.04.28"]
[Round "7"]
[White "Chon,C"]
[Black "Kosasih,C"]
[Result "0-1"]
[WhiteElo "2200"]
[BlackElo "2420"]

1.d4 d5 2.c4 c6 3.Nf3 Nf6 4.Nc3 e6 5.e3 Bd6 6.Bd3 O-O 7.O-O Nbd7 8.b3 dxc4
9.bxc4 e5 10.Qc2 h6 11.Bb2 Re8 12.Ne4 Nxe4 13.Bxe4 exd4 14.exd4 Nf6 15.Bf5 Bxf5
16.Qxf5 Re2 17.Rab1 Qc8 18.Qd3 Re8 19.Rfe1 Qd7 20.Rbd1 b5 21.cxb5 cxb5 22.d5 Rxe1+
23.Nxe1 Ne8 24.Nc2 Rc8 25.Ne3 a5 26.f3 Bf8 27.d6 Rd8 28.Qc3 b4 29.Qc5 Qa4
30.d7 Bxc5  0-1

[Event "TCh-FRA"]
[Site "Montpellier FRA"]
[Date "2001.04.28"]
[Round "8"]
[White "Karr,JP"]
[Black "Doornbos,Y"]
[Result "0-1"]
[WhiteElo "2383"]
[BlackElo "2359"]

1.d4 d5 2.c4 c6 3.Nf3 Nf6 4.Nc3 e6 5.e3 Nbd7 6.Qc2 Bd6 7.Bd2 O-O 8.O-O-O b5
9.cxb5 c5 10.e4 Bb7 11.exd5 Nxd5 12.Ne4 Be7 13.Kb1 Rc8 14.Nxc5 Nxc5 15.dxc5 Bxc5
16.Ng5 g6 17.Be2 Be7 18.Nxe6 fxe6 19.Qa4 Qb6 20.Bg4 Bf6 21.Rhe1 Rfe8 22.Qb3 a6
23.Be2 Rb8 24.bxa6 Bxa6 25.Qxb6 Rxb6 26.Bxa6 Rxb2+ 27.Kc1 Rxa2 28.Bb7 Rb8
29.Bxd5 exd5  0-1

[Event "Bundesliga 2000-1"]
[Site "Plauen GER"]
[Date "2001.04.28"]
[Round "14"]
[White "Dautov,R"]
[Black "Khenkin,I"]
[Result "1/2-1/2"]
[WhiteElo "2631"]
[BlackElo "2609"]

1.d4 d5 2.c4 c6 3.Nf3 Nf6 4.Nc3 e6 5.e3 Nbd7 6.Qc2 Bd6 7.b3 O-O 8.Be2 e5
9.cxd5 cxd5 10.Nb5 Bb4+ 11.Bd2 Bxd2+ 12.Nxd2 a6 13.dxe5 Nxe5 14.Nd4 Bg4 15.Bxg4 Nfxg4
16.O-O Rc8 17.Qd1 Nf6 18.N2f3 Nxf3+ 19.Qxf3 Qc7 20.Qg3 Qxg3 21.hxg3 Rc3 22.Rfc1 Rfc8
23.Rxc3 Rxc3 24.Re1 h5 25.f3 g6 26.Kf2 Kf8 27.Ke2 Ke7 28.Kd2 Rc5 29.Ne2 Kd6
30.Nd4 Ne8 31.a4 Ng7 32.Rh1 Ne6 33.Ne2  1/2-1/2

[Event "Zone 3.2a"]
[Site "Manila PHI"]
[Date "2001.04.29"]
[Round "8"]
[White "Dao Thien Hai"]
[Black "Villamayor,B"]
[Result "1/2-1/2"]
[WhiteElo "2564"]
[BlackElo "2560"]

1.d4 d5 2.c4 c6 3.Nf3 Nf6 4.Nc3 e6 5.e3 Nbd7 6.Qc2 Bd6 7.Bd3 O-O 8.O-O dxc4
9.Bxc4 b5 10.Be2 Bb7 11.Rd1 Qb8 12.a3 a6 13.b4 a5 14.Rb1 axb4 15.axb4 Nd5
16.Na2 Ra4 17.e4 Nxb4 18.Nxb4 Rxb4 19.Ra1 Ra4 20.Rxa4 bxa4 21.Qxa4 Qa8 22.Qc2 Ba6
23.Be3 Bxe2 24.Qxe2 Rc8 25.h3 h6 26.Nd2 Qa2 27.Qd3 Rb8 28.Rc1 Qa4 29.g3 Bf8
30.Kg2 Qb5 31.Qc2 Rc8 32.Rb1 Qa6 33.Nb3 e5 34.Ra1 Qb7 35.dxe5 Nxe5 36.f4 Rb8
37.Na5 Qb2 38.Ra2 Qxc2+ 39.Rxc2 Rb5 40.Nxc6 Nxc6 41.Rxc6 f6 42.Kf3 Kf7 43.Rc7+ Be7
44.Ke2 g6 45.Kd3 Rb3+ 46.Kd2 Ke8 47.Ke2 Rb5 48.Bd4 Rb3 49.Rc3 Rxc3 50.Bxc3 f5
51.exf5 gxf5 52.g4 fxg4 53.hxg4 Kf7 54.Kf3 Bf8 55.Kg3 Be7 56.Bd4 Kg6 57.f5+ Kf7
58.Be5 Bg5 59.Kf3 Be7 60.Bf4 Kg7 61.Ke4 Bf8 62.Kf3 Be7 63.Bc1 Bd6 64.Bd2 Be7
65.Kg3 Bf6 66.Bb4 Kf7 67.Bd6 Kg7 68.Kh3 Bg5 69.Bc7 Kf7 70.Kg3 Be7 71.Kf4 Bg5+
72.Ke5 Bf6+ 73.Kd6 Be7+ 74.Kd7 Bg5 75.Bd8 Bxd8 76.Kxd8 Kf6  1/2-1/2

[Event "TCh-FRA"]
[Site "Montpellier FRA"]
[Date "2001.04.29"]
[Round "9"]
[White "Bujisho,B"]
[Black "Nezar,M"]
[Result "1-0"]
[WhiteElo "2368"]
[BlackElo "2292"]

1.d4 d5 2.c4 c6 3.e3 Nf6 4.Nc3 e6 5.Nf3 Nbd7 6.Qc2 Bd6 7.b3 O-O 8.Be2 e5
9.Bb2 a6 10.h3 dxc4 11.bxc4 exd4 12.exd4 c5 13.d5 Ne5 14.Nd2 Re8 15.a4 Ng6
16.g3 Ne7 17.g4 Ng6 18.O-O-O Bf4 19.Kb1 Bd7 20.Rhg1 h6 21.Nb3 Rc8 22.Bd3 Ne5
23.Ne2 Nxd3 24.Qxd3 Rxe2 25.Qxe2 Bxa4 26.Qf3 Nd7 27.Qxf4 Bxb3 28.Rd3 Ba4
29.g5 h5 30.g6 f6 31.Qf5 Nf8 32.Qxh5 Be8 33.d6 Bc6 34.Re1 Qa5 35.Re7 Re8
36.Rde3 Qd8 37.Rf7  1-0

[Event "2nd ch-EUR Women"]
[Site "Warsaw POL"]
[Date "2001.04.29"]
[Round "7"]
[White "Alexandrova,O"]
[Black "Velcheva,M"]
[Result "1-0"]
[WhiteElo "2432"]
[BlackElo "2244"]

1.d4 d5 2.c4 c6 3.Nc3 Nf6 4.e3 e6 5.Nf3 Nbd7 6.Qc2 Bd6 7.Bd3 O-O 8.O-O dxc4
9.Bxc4 a6 10.a3 b5 11.Be2 c5 12.dxc5 Bxc5 13.Ne4 Be7 14.Bd3 Bb7 15.Nxf6+ Nxf6
16.e4 Rc8 17.Qe2 Qc7 18.Bd2 e5 19.a4 bxa4 20.Rxa4 Ra8 21.Rc1 Qd6 22.Bc3 Rfc8
23.Rd1 Qc6 24.Rc4 Qe6 25.Nxe5 Qb6 26.Rxc8+ Rxc8 27.Bc4 Nxe4 28.Bd4 Qb4 29.Bxf7+ Kh8
30.Qh5 h6 31.Ng6+ Kh7 32.Qf5  1-0

[Event "54th ch-RUS"]
[Site "Elista RUS"]
[Date "2001.04.30"]
[Round "1"]
[White "Baikov,V"]
[Black "Sveshnikov,E"]
[Result "1/2-1/2"]
[WhiteElo "2431"]
[BlackElo "2571"]

1.d4 d5 2.c4 e6 3.Nf3 Nf6 4.Nc3 c6 5.e3 Nbd7 6.Bd3 dxc4 7.Bxc4 b5 8.Bd3 b4
9.Ne4 Nxe4 10.Bxe4 Bb7 11.Qa4 Qb6 12.Nd2 Rc8 13.Nc4 Qa6 14.Qxa6 Bxa6 15.Bd3 c5
16.Nd6+ Bxd6 17.Bxa6 Rc7 18.Bd2 Ke7 19.Rc1 Rb8 20.Ke2 h6 21.h3 cxd4 22.exd4 Nf6
23.Rxc7+ Bxc7 24.Rc1 Nd5 25.Bc4 Bd6 26.Bxd5 exd5 27.Rc6 Rb6  1/2-1/2

[Event "Zone 3.2a"]
[Site "Manila PHI"]
[Date "2001.04.30"]
[Round "9"]
[White "Adianto,U"]
[Black "Datu,I"]
[Result "1-0"]
[WhiteElo "2589"]
[BlackElo "2381"]

1.d4 d5 2.c4 e6 3.Nf3 Nf6 4.Nc3 c6 5.e3 Nbd7 6.Bd3 dxc4 7.Bxc4 b5 8.Bd3 a6
9.e4 c5 10.d5 c4 11.Bc2 Bb7 12.O-O e5 13.Nh4 b4 14.Na4 Nxe4 15.Bxe4 Qxh4
16.Bf5 Rd8 17.Bxd7+ Kxd7 18.Nb6+ Kc7 19.Be3 Rd6 20.Nxc4 Rxd5 21.Qa4 Be7 22.Na5 Kb8
23.Nxb7 Kxb7 24.Rac1 Rb5 25.Rc6 Kxc6 26.Qxa6+ Kd5 27.Rd1+ Ke4 28.Qxb5 Kf5
29.Rd5 Rd8 30.g4+  1-0

[Event "Zone 3.2a"]
[Site "Manila PHI"]
[Date "2001.04.30"]
[Round "9"]
[White "Adianto,U"]
[Black "Datu,I"]
[Result "1-0"]
[WhiteElo "2589"]
[BlackElo "2381"]

1.d4 d5 2.c4 e6 3.Nf3 Nf6 4.Nc3 c6 5.e3 Nbd7 6.Bd3 dxc4 7.Bxc4 b5 8.Bd3 a6
9.e4 c5 10.d5 c4 11.Bc2 Bb7 12.O-O e5 13.Nh4 b4 14.Na4 Nxe4 15.Bxe4 Qxh4
16.Bf5 Rd8 17.Bxd7+ Kxd7 18.Nb6+ Kc7 19.Be3 Rd6 20.Nxc4 Rxd5 21.Qa4 Be7 22.Na5 Kb8
23.Nxb7 Kxb7 24.Rac1 Rb5 25.Rc6 Kxc6 26.Qxa6+ Kd5 27.Rd1+ Ke4 28.Qxb5 Kf5
29.Rd4 Rd8 30.g4+  1-0

[Event "TSGM"]
[Site "Belgrade YUG"]
[Date "2001.05.01"]
[Round "11"]
[White "Nestorovic,D"]
[Black "Zivanic,M"]
[Result "1/2-1/2"]
[WhiteElo "2433"]
[BlackElo "2403"]

1.d4 d5 2.c4 c6 3.Nc3 Nf6 4.e3 e6 5.Nf3 Nbd7 6.Qc2 Bd6 7.b3 O-O 8.Be2 Re8
9.O-O dxc4 10.bxc4 e5  1/2-1/2

[Event "Bank Pocztowy Open A"]
[Site "Bydgoszcz POL"]
[Date "2001.05.01"]
[Round "5"]
[White "Krainski,A"]
[Black "Kuczynski,R"]
[Result "0-1"]
[WhiteElo "2272"]
[BlackElo "2509"]

1.d4 d5 2.c4 c6 3.Nf3 Nf6 4.Nc3 e6 5.e3 Nbd7 6.Bd3 dxc4 7.Bxc4 b5 8.Bd3 a6
9.e4 c5 10.d5 c4 11.dxe6 fxe6 12.Bc2 Qc7 13.Be3 Bd6 14.Nd4 Nc5 15.a4 bxa4
16.O-O Bxh2+ 17.Kh1 Bf4 18.Bxa4+ Kf7 19.Bc6 Rb8 20.Qf3 Be5 21.Nd5 exd5 22.Bxd5+ Kf8
23.Nc6 Nd3 24.Nxe5 Qxe5 25.Ba7 Rb4 26.Bxc4 Rxc4 27.Qxd3 Rxe4 28.Qd8+ Kf7
29.Qxh8 Rh4+  0-1

[Event "Bank Pocztowy Open A"]
[Site "Bydgoszcz POL"]
[Date "2001.05.01"]
[Round "5"]
[White "Lutsko,I"]
[Black "Wojtkiewicz,A"]
[Result "0-1"]
[WhiteElo "2346"]
[BlackElo "2576"]

1.d4 d5 2.c4 c6 3.Nf3 Nf6 4.Nc3 e6 5.e3 Nbd7 6.Qc2 Bd6 7.Be2 O-O 8.O-O dxc4
9.Bxc4 a6 10.a4 c5 11.dxc5 Bxc5 12.Rd1 b6 13.Ne4 Nxe4 14.Qxe4 Nf6 15.Qc2 Qc7
16.Be2 Qe7 17.Bd2 Bb7 18.Bc3 Ne4 19.Bd4 Rac8 20.Qb3 Bd5 21.Bc4 Bxd4 22.Bxd5 Nc5
23.Qa3 Bf6 24.Bc4 Qb7 25.Be2 Rfd8 26.Rac1 g6 27.h3 Rxd1+ 28.Rxd1 a5 29.Bb5 Qe4
30.Rc1 Rd8 31.Kf1 h5 32.Ke2 Kg7 33.Qa2 Nd3 34.Bxd3 Qxd3+ 35.Ke1 Be7  0-1

[Event "54th ch-RUS"]
[Site "Elista RUS"]
[Date "2001.05.01"]
[Round "2"]
[White "Shariyazdanov,A"]
[Black "Zakharstov,V"]
[Result "1/2-1/2"]
[WhiteElo "2594"]
[BlackElo "2484"]

1.d4 d5 2.c4 c6 3.Nc3 Nf6 4.e3 e6 5.Nf3 Nbd7 6.Qc2 Bd6 7.Bd3 O-O 8.O-O dxc4
9.Bxc4 a6 10.Rd1 b5 11.Bf1 c5 12.dxc5 Bxc5 13.Ng5 Qb6 14.Nce4 Be7 15.Nxf6+ Nxf6
16.Bd3 h6 17.Nh7  1/2-1/2

[Event "54th ch-RUS"]
[Site "Elista RUS"]
[Date "2001.05.01"]
[Round "2"]
[White "Epishin,V"]
[Black "Beshukov,S"]
[Result "1-0"]
[WhiteElo "2579"]
[BlackElo "2463"]

1.d4 d5 2.c4 e6 3.Nc3 c6 4.e3 Nf6 5.Nf3 Nbd7 6.Qc2 b6 7.Bd3 Bb7 8.O-O Be7
9.b3 Qc7 10.Bb2 Rd8 11.cxd5 exd5 12.Rac1 h6 13.a3 O-O 14.b4 Qb8 15.Rfe1 Rfe8
16.e4 dxe4 17.Nxe4 Nd5 18.Bc4 N7f6 19.Ng3 Bf8 20.Ne5 Qa8 21.Qb3 a5 22.bxa5 Qxa5
23.Nf5 Qd2 24.Ne3 Qa5 25.h3 Re6 26.Red1 g6 27.Nxd5 Nxd5 28.Be2 Bg7 29.Bg4 f5
30.Bf3 Kh7 31.Rc4 Qa8 32.h4 c5 33.h5 cxd4 34.hxg6+ Kg8 35.Nd3 Rxg6 36.Rc7 Kh8
37.Rxb7 Qxb7 38.Nf4 Rgd6 39.Bxd4 Nxf4 40.Bxb7 Ne2+ 41.Kf1 Nxd4 42.Qb4 Re6
43.g3 Kh7 44.Qb1 Kh8 45.a4 Red6 46.Rd2 Bf6 47.Kg2 Kg7 48.Rb2 f4 49.Rxb6 fxg3
50.Rxd6 Rxd6 51.a5 Ne6 52.a6 Bd4 53.fxg3 Ba7 54.Qb2+ Bd4 55.Qa3 Bc5 56.Qa5 Rb6
57.Bc8 Rb2+ 58.Kf1 Rb1+ 59.Ke2 Nd4+ 60.Kd3 Nb5 61.Bd7 Na7 62.Qc3+ Kf7 63.Kc2  1-0

[Event "2nd ch-EUR Women"]
[Site "Warsaw POL"]
[Date "2001.05.01"]
[Round "9"]
[White "Kononenko,T"]
[Black "Medic,Mir"]
[Result "1/2-1/2"]
[WhiteElo "2361"]
[BlackElo "2274"]

1.d4 d5 2.c4 c6 3.Nf3 Nf6 4.e3 e6 5.Nc3 Nbd7 6.Qc2 Bd6 7.Bd3 O-O 8.O-O dxc4
9.Bxc4 b5 10.Bd3 Bb7 11.e4 e5 12.dxe5 Nxe5 13.Nxe5 Bxe5 14.h3 Re8 15.Be3 Qe7
16.Ne2 Rad8 17.f4 Rxd3 18.Qxd3 Bxb2 19.Rab1 Qxe4 20.Qxe4 Rxe4 21.Rxb2 Rxe3
22.Nd4 Nd5 23.Rd2 Kf8 24.Kh2 a6 25.Rc1 Rc3 26.Re1 c5 27.Nb3 g6 28.Re5 Nxf4
29.Rxc5 Re3 30.Rc7 Bxg2 31.Rxg2 Nxg2 32.Kxg2 Re2+ 33.Kg3 Rxa2 34.Nc5 b4 35.Rb7 a5
36.Rb5 Kg7 37.Nb7 Ra3+ 38.Kg2 f5 39.Nxa5 Kh6 40.Nc6 b3 41.Nd4 Ra2+ 42.Kg3 b2
43.Rb7 Ra3+ 44.Nf3 Ra2 45.h4 Ra7 46.Rxb2 Kh5 47.Rb8 h6 48.Rg8 Ra4 49.Rf8 Rg4+
50.Kf2 Rb4  1/2-1/2

[Event "54th ch-RUS"]
[Site "Elista RUS"]
[Date "2001.05.02"]
[Round "3"]
[White "Potapov,A"]
[Black "Pridorozhni,A"]
[Result "1-0"]
[WhiteElo "2490"]
[BlackElo "2352"]

1.d4 d5 2.c4 c6 3.Nc3 Nf6 4.e3 e6 5.Nf3 Nbd7 6.Bd3 dxc4 7.Bxc4 b5 8.Bd3 Bb7
9.O-O a6 10.e4 c5 11.d5 Qb6 12.dxe6 fxe6 13.e5 Nd5 14.Ng5 O-O-O 15.Nxd5 Bxd5
16.Nf7 Be7 17.Qe2 Qc7 18.Nxh8 Nxe5 19.Bf4 Bd6 20.Bxe5 Bxe5 21.Nf7 Bxh2+ 22.Kh1 Rf8
23.Ng5 Rf6 24.Be4 Qe5 25.Rfe1 Qxg5 26.Bxd5 Bd6 27.Bxe6+ Kc7 28.Bh3 Rh6 29.Qe3 Qf6
30.Rad1 g5 31.Rxd6 Kxd6 32.Kg1 Rg6 33.Rd1+ Kc6 34.Bd7+ Kb6 35.b4 Qf8 36.Rd5  1-0

[Event "2nd ch-EUR Women"]
[Site "Warsaw POL"]
[Date "2001.05.02"]
[Round "10"]
[White "Johansson,V"]
[Black "Trabert,B"]
[Result "1-0"]
[WhiteElo "2149"]
[BlackElo "2269"]

1.d4 d5 2.c4 e6 3.Nc3 c6 4.e3 Nf6 5.Nf3 Nbd7 6.Qc2 Bd6 7.g4 Bb4 8.Bd2 Qe7
9.Bd3 dxc4 10.Bxc4 b6 11.Rg1 Bb7 12.g5 Nd5 13.e4 Nxc3 14.bxc3 Bd6 15.O-O-O c5
16.d5 exd5 17.exd5 O-O-O 18.Rge1 Qf8 19.Qa4 a5 20.Bb5 Nb8 21.Qg4+ Kc7 22.Bf4 f5
23.Qg3 Bc8 24.Ne5 g6 25.Nc4 Bxf4+ 26.Qxf4+ Kb7 27.Nxb6 Qg7 28.Na4 Ka8 29.d6 Qb7
30.c4 Nd7 31.Re2 Qg2 32.Qe3 h6 33.Bxd7 Bxd7 34.Nb6+  1-0

[Event "54th ch-RUS"]
[Site "Elista RUS"]
[Date "2001.05.04"]
[Round "5"]
[White "Baikov,V"]
[Black "Pridorozhni,A"]
[Result "1-0"]
[WhiteElo "2431"]
[BlackElo "2352"]

1.d4 d5 2.c4 c6 3.Nc3 Nf6 4.e3 e6 5.Nf3 Nbd7 6.Bd3 dxc4 7.Bxc4 b5 8.Bd3 Bb7
9.e4 b4 10.Na4 c5 11.e5 Nd5 12.O-O cxd4 13.Re1 Be7 14.Nxd4 O-O 15.Qh5 g6
16.Qh6 Qe8 17.h4 Nxe5 18.Rxe5 Qxa4 19.b3 Qd7 20.Bb2 Nf6 21.Nxe6 fxe6 22.Bxg6 Rfd8
23.Bxh7+ Nxh7 24.Qg6+ Kf8 25.Rh5 Be4 26.Qxe4 Nf6 27.Rh8+ Kf7 28.Rh7+ Nxh7
29.Qxh7+ Kf8 30.Qg7+  1-0

[Event "54th ch-RUS"]
[Site "Elista RUS"]
[Date "2001.05.04"]
[Round "5"]
[White "Yakovich,Y"]
[Black "Beshukov,S"]
[Result "1-0"]
[WhiteElo "2577"]
[BlackElo "2463"]

1.d4 d5 2.c4 c6 3.Nc3 Nf6 4.e3 e6 5.Nf3 Nbd7 6.Bd3 dxc4 7.Bxc4 b5 8.Bd3 Bb7
9.O-O b4 10.Ne4 Be7 11.Nxf6+ Nxf6 12.a3 bxa3 13.bxa3 O-O 14.Rb1 Qc8 15.e4 c5
16.e5 Bxf3 17.Qxf3 Nd5 18.Qg4 g6 19.h4 h5 20.Qg3 Nc3 21.Rb2 Kg7 22.Bxg6 fxg6
23.Qxc3 cxd4 24.Qxd4 Bxa3 25.Qe3 Bxb2 26.Qh6+ Kf7 27.Qh7+ Ke8 28.Qxg6+ Rf7
29.Bxb2 Qc4 30.Qxh5 Rd8 31.Ba3 Rd3 32.Bd6 Qf4 33.Qh8+ Kd7 34.Qb8 Rc3 35.Qxa7+ Kc6
36.Qa8+ Kd7 37.Qb7+ Kd8 38.Qb6+ Ke8 39.Bb4 Rc4 40.Qxe6+  1-0

[Event "4NCL"]
[Site "Birmingham ENG"]
[Date "2001.05.05"]
[Round "9"]
[White "Yurenok,M"]
[Black "Cast,A"]
[Result "1-0"]
[WhiteElo "2076"]
[BlackElo "2121"]

1.d4 d5 2.c4 c6 3.Nc3 Nf6 4.e3 e6 5.Nf3 Bd6 6.Qc2 Nbd7 7.b3 O-O 8.Be2 Re8
9.Bb2 b6 10.O-O Bb7 11.Rad1 Qe7 12.e4 dxe4 13.Nxe4 Nxe4 14.Qxe4 Nf6 15.Qh4 Rad8
16.Bd3 h6 17.Rfe1 Nd7 18.Qh3 Qf6 19.Be4 Bb4 20.Re2 Nc5 21.Bc2 Na6 22.Ne5 c5
23.Ng4 Qe7 24.d5 Qf8 25.Nxh6+ gxh6 26.Qg4+  1-0

[Event "XXXVI Capablanca Mem Premier I"]
[Site "Havana CUB"]
[Date "2001.05.06"]
[Round "2"]
[White "Borges Mateos,J"]
[Black "Perez,Rod"]
[Result "1/2-1/2"]
[WhiteElo "2436"]
[BlackElo "2471"]

1.d4 d5 2.c4 c6 3.Nf3 Nf6 4.e3 e6 5.Nc3 Nbd7 6.Qc2 Bd6 7.b3 O-O 8.Be2 a6
9.O-O e5 10.cxd5 cxd5 11.dxe5 Nxe5 12.Bb2 Be6 13.Rac1 Rc8 14.Qd2 Qe7 15.Nxe5  1/2-1/2

[Event "4NCL"]
[Site "Birmingham ENG"]
[Date "2001.05.07"]
[Round "11"]
[White "Kelly,B"]
[Black "Matros,A"]
[Result "1/2-1/2"]
[WhiteElo "2464"]
[BlackElo "2449"]

1.c4 e6 2.Nc3 d5 3.d4 c6 4.e3 Nf6 5.Nf3 Nbd7 6.Qc2 Bd6 7.Be2 O-O 8.O-O dxc4
9.Bxc4 b5 10.Bd3 Bb7 11.Rd1 Qc7 12.a3 Rfe8 13.h3 h6 14.Bd2 a6 15.b4 e5 16.Rac1 Rac8
17.Qb1 Qb8 18.Bc2 exd4 19.exd4 a5 20.Bb3 axb4 21.axb4 Nf8 22.Qf5 Bxb4 23.Bxh6 Nd5
24.Nxd5 cxd5 25.Bf4 Bd6 26.Rxc8 Bxc8 27.Qxd5 Be6 28.Qxd6 Qxd6 29.Bxd6 Bxb3
30.Rb1 Bc4 31.Ne5 Rd8 32.Bc5 Ne6 33.Nxc4 bxc4 34.Rc1 Nxd4 35.Rxc4 Rc8 36.Rxd4 Rxc5
37.Kh2 g6 38.g4 Kg7 39.Kg3 Rc3+ 40.f3 g5 41.Rd5 Kg6 42.Rf5 f6 43.h4 gxh4+
44.Kxh4 Ra3 45.Kg3 Rc3 46.Rd5 Ra3 47.Kf4 Ra4+ 48.Ke3 Ra3+ 49.Kf2 Ra2+ 50.Kg3 Ra3
51.Rd8 Rb3 52.Re8 Ra3 53.Kf4 Ra1 54.Re3 Rg1 55.Re2 Ra1 56.Rd2 Ra4+ 57.Ke3 Ra3+
58.Kf2 Ra4 59.Rd3 Rc4 60.Kg3 Rc1 61.f4 Rg1+ 62.Kh3 Rf1 63.Rd4 Rg1 64.Rd7 Ra1
65.Rd6 Kg7 66.Rb6 Ra4 67.f5 Ra1 68.Kg3 Rg1+ 69.Kf4 Rf1+ 70.Ke4 Rg1 71.Rb7+ Kf8
72.Kd5 Rxg4 73.Ke6 Ra4 74.Kxf6 Ra6+ 75.Kg5  1/2-1/2

[Event "Golden Cleopatra Open"]
[Site "Cairo EGY"]
[Date "2001.05.07"]
[Round "6"]
[White "Rausis,I"]
[Black "Bakre,T"]
[Result "1/2-1/2"]
[WhiteElo "2500"]
[BlackElo "2419"]

1.d4 d5 2.c4 c6 3.Nf3 Nf6 4.Nc3 e6 5.e3 Nbd7 6.Bd3 dxc4 7.Bxc4 b5 8.Bd3 a6
9.e4 c5 10.e5 cxd4 11.Nxb5 Ng4 12.Qa4 Bb7 13.Nbxd4 Qb6 14.O-O Bc5 15.h3 Bxf3
16.Nxf3 Nxf2 17.Bc2 Ng4+ 18.Kh1 h5 19.Bg5 Nf2+ 20.Kh2 Qb5 21.Bh4 Ng4+ 22.hxg4 Qxa4
23.Bxa4 hxg4 24.Kg3 gxf3 25.Rxf3 Rh5 26.Rd1 Ra7 27.Rxd7 Rxd7 28.Bxd7+ Kxd7
29.Rxf7+ Kc6 30.Rxg7 Bd4 31.Rg6 Kd5 32.b3 Bxe5+ 33.Kg4 Rh8 34.Bf6 Bxf6 35.Rxf6 Rg8+
36.Kf3 Rc8 37.Kg3 a5 38.Rf4 Rc3+ 39.Rf3 Kd4 40.Rxc3 Kxc3 41.Kf4 Kd4 42.Kf3 Kd3
43.Kf4 Kd4  1/2-1/2

[Event "54th ch-RUS"]
[Site "Elista RUS"]
[Date "2001.05.07"]
[Round "7"]
[White "Utnasunov,A"]
[Black "Pridorozhni,A"]
[Result "0-1"]
[WhiteElo "2291"]
[BlackElo "2352"]

1.d4 d5 2.c4 c6 3.Nc3 Nf6 4.Nf3 e6 5.e3 Nbd7 6.Bd3 dxc4 7.Bxc4 b5 8.Bd3 Bb7
9.e4 b4 10.Na4 c5 11.e5 Nd5 12.O-O cxd4 13.Re1 g6 14.Bg5 Be7 15.Bh6 Bf8 16.Bg5 Be7
17.Bh6 a6 18.Qd2 Qa5 19.b3 Nc3 20.Nxd4 Nxe5 21.Bg7 Nxd3 22.Qxd3 Rg8 23.Be5 Qd5
24.Qg3 Ne4 25.Rxe4 Qxe4 26.f4 Rd8 27.Rd1 f6 28.Re1 Qd5 29.Nb6 Qc5 30.Na4 Qa7
31.Kh1 fxe5 32.Nxe6 Rd2 33.Nc7+ Kd7  0-1

[Event "Golden Cleopatra Open"]
[Site "Cairo EGY"]
[Date "2001.05.08"]
[Round "7"]
[White "Roeder,M"]
[Black "Rahman,Ye"]
[Result "1-0"]
[WhiteElo "2459"]
[BlackElo "2267"]

1.d4 d5 2.c4 c6 3.e3 Nf6 4.Nc3 e6 5.Nf3 Nbd7 6.Qc2 Bd6 7.Bd3 O-O 8.O-O Qe7
9.c5 Bc7 10.e4 dxe4 11.Nxe4 Nxe4 12.Bxe4 h6 13.Re1 Nf6 14.Bd3 Rd8 15.Bd2 Bd7
16.a3 Be8 17.Bc4 Nd7 18.Qe4 Nf8 19.Bc3 Ng6 20.g3 b6 21.b4 a5 22.Rac1 b5 23.Bb3 axb4
24.axb4 Ra3 25.Rb1 Kh8 26.Re3 Bd7 27.Bb2 Raa8 28.Bc2 f5 29.Qd3 Qf7 30.Bb3 f4
31.Re2 Rf8 32.Bc2 Qf5 33.Qxf5 exf5 34.Kg2 fxg3 35.hxg3 Rfe8 36.Rbe1 Rxe2
37.Rxe2 Kg8 38.Bb3+ Kf8 39.d5 cxd5 40.Bxd5 Rd8 41.Nd4 Ne7 42.Bf3 g5 43.c6 g4
44.cxd7 gxf3+ 45.Kxf3 Rxd7 46.Nxb5 Rd3+ 47.Re3 Rd2 48.Bg7+  1-0

[Event "54th ch-RUS"]
[Site "Elista RUS"]
[Date "2001.05.09"]
[Round "9"]
[White "Najer,E"]
[Black "Lastin,A"]
[Result "1/2-1/2"]
[WhiteElo "2600"]
[BlackElo "2627"]

1.d4 d5 2.c4 c6 3.Nc3 Nf6 4.e3 e6 5.Nf3 Nbd7 6.Bd3 dxc4 7.Bxc4 b5 8.Bd3 Bb7
9.e4 b4 10.Na4 c5 11.e5 Nd5 12.Ng5 cxd4 13.Nxe6 Qe7 14.Nxf8 Qxe5+ 15.Be2 Kxf8
16.O-O Re8 17.Bc4 Nf4 18.Qd2 Nd5 19.Bb5 Re7 20.Bxd7 Rxd7 21.Nc5 Re7 22.Nxb7 Rxb7
23.Re1 Qf6 24.Qc2 Rc7 25.Qb3 Rd7 26.Re4 g5 27.h4 h6 28.Qd1 Ne7 29.Bd2 a5
30.Qg4 Rd5 31.Rae1 Ng6 32.h5 Ne5 33.Qg3  1/2-1/2

[Event "ch-LTU"]
[Site "Kaunas LTU"]
[Date "2001.05.13"]
[Round "4"]
[White "Ruzele,D"]
[Black "Sarakauskas,G"]
[Result "1/2-1/2"]
[WhiteElo "2550"]
[BlackElo "2403"]

1.d4 d5 2.c4 c6 3.Nc3 Nf6 4.e3 e6 5.Nf3 Nbd7 6.Qc2 Bd6 7.Bd3 O-O 8.O-O h6
9.Rd1 Qe7 10.c5 Bc7 11.e4 dxe4 12.Nxe4 e5 13.Nxf6+ Qxf6 14.Be3 exd4 15.Bxd4 Ne5
16.Nxe5 Bxe5 17.Bxe5 Qxe5 18.Re1 Qg5 19.Re3 Be6 20.Qc3 h5 21.Rae1 Rad8 22.Rg3 Qh6
23.h4 Rfe8 24.Re5 Bg4 25.Rge3 Rxe5 26.Qxe5 Qe6 27.Qc7 Qd7 28.Qe5 g6 29.Bc4 Qd1+
30.Kh2 Qd4 31.Qxd4 Rxd4 32.Re8+ Kg7 33.b3 b5 34.cxb6 axb6 35.a4 b5 36.axb5 cxb5
37.Bxb5 Be6  1/2-1/2

[Event "ch-LTU"]
[Site "Kaunas LTU"]
[Date "2001.05.14"]
[Round "7"]
[White "Labuckas,A"]
[Black "Ruzele,D"]
[Result "1/2-1/2"]
[WhiteElo "2356"]
[BlackElo "2550"]

1.d4 d5 2.c4 e6 3.Nc3 c6 4.e3 Nf6 5.Nf3 Nbd7 6.Bd3 dxc4 7.Bxc4 b5 8.Bd3 a6
9.e4 c5 10.d5 Qc7 11.dxe6 fxe6 12.O-O Bb7 13.Qe2 c4 14.Bc2 Bd6 15.Ng5 Nf8
16.f4 h6 17.Nh3 e5 18.f5 O-O-O 19.Kh1 N8d7 20.a4 b4 21.Nd1 a5 22.Ndf2 Nb6
23.Be3 Bc5 24.Bxc5 Qxc5 25.Ng1 Ba6 26.Nf3 Kb7 27.b3 Ka7 28.bxc4 Qxc4 29.Bd3 Rxd3
30.Nxe5 Rc3 31.Nxc4 Bxc4 32.Qd2 Bxf1 33.Rxf1 Rhc8 34.Kg1 Rc2 35.Qd4 b3 36.Nd3 Rd2
37.Qe5 Rxd3 38.Qxa5+ Kb7 39.Qb5 Rd2 40.a5 Rcc2 41.Qxb6+ Ka8 42.Qa6+ Kb8 43.Qb6+ Ka8
44.Qa6+  1/2-1/2

[Event "TCh-RUS"]
[Site "Tomsk RUS"]
[Date "2001.05.14"]
[Round "2"]
[White "Bareev,E"]
[Black "Iskusnyh,S"]
[Result "1-0"]
[WhiteElo "2709"]
[BlackElo "2533"]

1.d4 d5 2.c4 c6 3.Nf3 Nf6 4.Nc3 e6 5.e3 Nbd7 6.Bd3 dxc4 7.Bxc4 b5 8.Bd3 a6
9.e4 c5 10.e5 cxd4 11.Nxb5 Nxe5 12.Nxe5 axb5 13.Bxb5+ Bd7 14.Nxd7 Qa5+ 15.Bd2 Qxb5
16.Nxf8 Kxf8 17.b3 Nd5 18.h4 Nc3 19.Bxc3 dxc3 20.Qd6+ Ke8 21.O-O-O h5 22.Rhe1 Rh6
23.Re4 c2 24.Rd3 Qa5 25.Ra4 Qe1+ 26.Kxc2 Qxf2+ 27.Rd2 Qf5+ 28.Kb2 Qf6+ 29.Ka3 Rxa4+
30.Kxa4 Qxh4+ 31.Rd4 Qe7 32.Qb8+  1-0

[Event "TCh-RUS"]
[Site "Tomsk RUS"]
[Date "2001.05.15"]
[Round "3"]
[White "Volkov,S"]
[Black "Pridorozhni,A"]
[Result "0-1"]
[WhiteElo "2558"]
[BlackElo "2352"]

1.d4 d5 2.c4 c6 3.Nc3 Nf6 4.e3 e6 5.Nf3 Nbd7 6.Bd3 dxc4 7.Bxc4 b5 8.Be2 Bb7
9.O-O a6 10.e4 c5 11.e5 Nd5 12.a4 b4 13.Ne4 cxd4 14.Bg5 Qb6 15.a5 Qa7 16.Re1 h6
17.Bh4 Nf4 18.Bf1 Ng6 19.Bg3 Rd8 20.Rc1 Bxe4 21.Rxe4 Bc5 22.Qd3 Nb8 23.Qc2 Qb7
24.Nd2 O-O 25.Nb3 Ba7 26.Bc4 Ne7 27.Qd3 Rc8 28.Bf4 Rc7 29.h4 Rfc8 30.Ree1 Nd5
31.Bg3 Nc3 32.Nd2 Na4 33.Rb1 Nc5 34.Qe2 Nc6 35.Qg4 Nxa5 36.Bf4 Kf8 37.Be2 Bb6
38.h5 Qa7 39.Kh1 d3 40.Bf3 Rd7 41.Be3 Ncb3 42.Nxb3 Rc4 43.Nxa5 Rxg4 44.Bxg4 d2
45.Rf1 Bxe3 46.fxe3 Qxe3 47.Nc6 Qe4 48.Bf3 Qc4 49.b3 Qh4+ 50.Kg1 Rd3 51.Rf2 Kg8
52.Rd1 Rxb3 53.Rdxd2 Rb1+ 54.Rf1 Rxf1+ 55.Kxf1 Qc4+ 56.Kf2 b3 57.Kg3 Qc2
58.Rd8+ Kh7 59.Nb4 Qf5 60.Rd1 Qxe5+ 61.Kh3 b2 62.Nd3 Qf5+ 63.Kg3 Qxd3 64.Rxd3 b1=Q
65.Rd4 Qe1+ 66.Kh3 f5 67.Ra4 e5 68.Ba8 a5 69.Bd5 Qh1+ 70.Kg3 Qxh5 71.Rxa5 Qg4+
72.Kf2 Qb4  0-1